En el corazón del Rif (Record no. 116589)

MARC details
000 -LEADER
campo de control de longitud fija 00692nam a2200169 i 4500
001 - NÚMERO DE CONTROL
campo de control 116589
003 - IDENTIFICADOR DE NÚMERO DE CONTROL
campo de control ES-MaACL
005 - FECHA Y HORA DE LA ÚLTIMA TRANSACCIÓN
campo de control 20230906190731.0
007 - CAMPO FIJO DE DESCRIPCIÓN FÍSICA--INFORMACIÓN GENERAL
campo de control de longitud fija t|
008 - DATOS DE LONGITUD FIJA--INFORMACIÓN GENERAL
campo de control de longitud fija 061121s1930 sp r ||||1| spa d
100 1# - ENTRADA PRINCIPAL--NOMBRE DE PERSONA
Nombre de persona Otero, Santiago S.
9 (RLIN) 87900
245 10 - MENCIÓN DEL TÍTULO
Título En el corazón del Rif
Resto del título : impresiones del viaje efectuado a la zona del protectorado español y plazas de soberanía en Marruecos, por la Asociación Internacional de la Prensa de Tánger, el mes de noviembre de 1930 /
Mención de responsabilidad, etc. Santiago S. Otero.
260 ## - PUBLICACIÓN, DISTRIBUCIÓN, ETC.
Lugar de publicación, distribución, etc. Ceuta :
Nombre del editor, distribuidor, etc. Revista frica,
Fecha de publicación, distribución, etc. 1930.
300 ## - DESCRIPCIÓN FÍSICA
Extensión 216 p., 25 lám. ;
Dimensiones 23 cm.
651 #4 - PUNTO DE ACCESO ADICIONAL DE MATERIA--NOMBRE GEOGRÁFICO
Nombre geográfico Rif (Marruecos, Macizo)-
Subdivisión general Descripción.
9 (RLIN) 9310
852 ## - LOCALIZACIÓN
Ubicación ES-MaACL
Número de control de estantería C-11297
Sublocalización o colección R.38863
Holdings
Estatus retirado Estado de pérdida Estado de daño No para préstamo Biblioteca de origen Biblioteca actual Ubicación en estantería Fecha de adquisición Fuente de adquisición Total de préstamos Signatura topográfica completa Código de barras Visto por última vez Precio de reemplazo Tipo de ítem Koha
        Biblioteca del Ateneo de Madrid Biblioteca del Ateneo de Madrid Sala Palomar 17/01/2008     C-11297 1121573 23/02/2023 23/02/2023 Libro impreso